Loading...
| Science - Chemistry | 3 | 3 | 0 | 2 | 75 | 13 | 72.83 | 3 | 5 | 25.47 | 48.00 |
| Literature - British | 2 | 2 | 0 | 1 | 50 | 49 | 73.00 | 0 | 3 | 18.58 | 15.50 |
| History - World | 3 | 1 | 2 | 0 | 45 | 14 | 49.75 | 3 | 4 | 24.44 | 34.00 |
| Science - Biology | 3 | 1 | 3 | 1 | 40 | 38 | 56.75 | 3 | 3 | 21.11 | 32.00 |
| Literature - World | 2 | 1 | 1 | 0 | 35 | 49 | 70.33 | 0 | 2 | 14.64 | 20.00 |
| Geography | 0 | 3 | 0 | 1 | 30 | 71 | 93.67 | 1 | 2 | 19.48 | 42.50 |
| History - European | 1 | 1 | 0 | 1 | 25 | 26 | 73.00 | 1 | 1 | 8.30 | 12.00 |
| History - Ancient | 0 | 2 | 0 | 2 | 20 | 118 | 128.00 | 1 | 1 | 1.56 | 12.00 |
| History - American | 0 | 2 | 0 | 1 | 20 | 105 | 115.00 | 2 | 2 | 2.24 | 18.00 |
| Fine Arts - Other Arts | 1 | 0 | 0 | 0 | 15 | 53 | 53.00 | 1 | 1 | 5.83 | 10.00 |
| Beliefs | 1 | 1 | 2 | 1 | 15 | 66 | 81.00 | 1 | 1 | 5.32 | 8.57 |
| Auditory Arts | 0 | 1 | 0 | 1 | 10 | 130 | 130.00 | 0 | 1 | 0.15 | 4.00 |
| Science - Other | 0 | 1 | 0 | 1 | 10 | 127 | 127.00 | 0 | 0 | 0.08 | 2.00 |
| Science - Physics | 0 | 1 | 0 | 0 | 10 | 116 | 116.00 | 0 | 0 | 1.41 | 2.00 |
| Social Science | 2 | 0 | 5 | 0 | 5 | 50 | 60.00 | 2 | 2 | 6.53 | 12.50 |
| Literature - European | 1 | 0 | 2 | 0 | 5 | 69 | 69.00 | 0 | 1 | 5.27 | 6.00 |
| Literature - American | 0 | 1 | 2 | 1 | 0 | 141 | 141.00 | 0 | 0 | 0.07 | 2.00 |
| Philosophy | 0 | 0 | 1 | 0 | -5 | 0.00 | 0 | 0 | 0.00 | 0.00 |